Central Library OPAC University of Rajshahi

American government : (Record no. 6985)

MARC details
000 -LEADER
fixed length control field 00986nam a2200289I 4500
001 - CONTROL NUMBER
control field 6985
003 - CONTROL NUMBER IDENTIFIER
rucl marc code BDjRUL
005 - DATE AND TIME OF LATEST TRANSACTION
control field 20211208234341.0
008 - FIXED-LENGTH DATA ELEMENTS--GENERAL INFORMATION
fixed length control field 140113s1983 maua 001 0 eng d
020 ## - INTERNATIONAL STANDARD BOOK NUMBER
International Standard Book Number 066906723-7
035 ## - SYSTEM CONTROL NUMBER
System control number (BDjRUL)7027
System control number (OCoLC)08883918
System control number GLIS00131665
040 ## - CATALOGING SOURCE
Transcribing agency MYG
Original cataloging agency BD-RjUL
Language of cataloging eng
041 ## - LANGUAGE CODE
Language code of text/sound track or separate title eng
082 ## - DEWEY DECIMAL CLASSIFICATION NUMBER
Edition number 23
Classification number 330.973
Author mark and year WIA 1983
090 ## - LOCALLY ASSIGNED LC-TYPE CALL NUMBER (OCLC); LOCAL CALL NUMBER (OCLC)
Classification number (OCLC) (R) ; Classification number, CALL (RLIN) (NR) JK274
Local cutter number (OCLC) ; Book number/undivided call number, CALL (RLIN) .W67 1982
099 ## - LOCAL FREE-TEXT CALL NUMBER (OCLC)
Bangla Class number JK274.W67 1982
100 1# - MAIN ENTRY--PERSONAL NAME
Personal name Wilson, James Q.
9 (RLIN) 21904
245 10 - TITLE STATEMENT
Title American government :
Remainder of title institutions and policies /
Statement of responsibility, etc. James Q. Wilson ; [charts and graphs by B.J. & F.W. Taylor ; ill. by Terry Presnall and Irene Roman/Gwen Goldstein ; cartography by Norman C. Adams.]
260 ## - PUBLICATION, DISTRIBUTION, ETC. (IMPRINT)
Place of publication, distribution, etc. Lexington, Mass. :
Name of publisher, distributor, etc. D. C. Heath,
Date of publication, distribution, etc. c1983 [i.e. 1982].
300 ## - PHYSICAL DESCRIPTION
Pagination xx, 693 p. :
Illustrations ill. ;
Size 25 cm.
504 ## - BIBLIOGRAPHY, ETC. NOTE
Bibliography, etc Includes bibliographies and indexes.
651 #0 - SUBJECT ADDED ENTRY--GEOGRAPHIC NAME
Geographic name United States
General subdivision Politics and government.
9 (RLIN) 21905
942 ## - ADDED ENTRY ELEMENTS (KOHA)
Source of classification or shelving scheme Dewey Decimal Classification
Koha item type Books
Holdings
Lost status Source of classification or shelving scheme Damaged status Not for loan Collection code Permanent Location Current Location Shelving location Date acquired Source of acquisition Total Checkouts Full call number Date last seen Copy number Koha item type
  Dewey Decimal Classification   Not For Loan Non-fiction Central Library, University of Rajshahi Central Library, University of Rajshahi   16/04/1990 Asia Foundation Gift   330.973 WIA 1983 13/01/2014 C-1 Books